VCT Valorant partner teams - Statistics

General Stats
  • This quiz has been taken 766 times
  • The average score is 21 of 30
Answer Stats
Hint Answer % Correct
Americas Sentinels
95%
EMEA Fnatic
89%
Americas LOUD
86%
APAC Paper Rex
85%
APAC DRX
84%
Americas Cloud9
82%
Americas 100thieves
81%
Americas NRG
81%
Americas KRU
76%
Americas Evil Geniuses
74%
EMEA Liquid
74%
Americas Furia
73%
Americas Leviatan
73%
EMEA NA'VI
72%
Americas MIBR
70%
APAC Gen.G
69%
APAC T1
68%
EMEA Karmine Corp
65%
EMEA Heretics
64%
EMEA Vitality
64%
EMEA KOI
63%
EMEA BBL
62%
EMEA FUT
61%
APAC Zeta
61%
APAC Talon
57%
EMEA Giants
55%
APAC Global
53%
APAC Secret
50%
APAC Detonation
49%
APAC Rex Regum Queon
16%
No matching quizzes found
Score Distribution
Percent of People with Each Score
Percentile by Number Answered
Your Score History
You have not taken this quiz